Financial accounting : method and meaning (Record no. 70206)

000 -LEADER
fixed length control field 00467nam a22001817a 4500
003 - CONTROL NUMBER IDENTIFIER
control field NUST - PNEC
005 - DATE AND TIME OF LATEST TRANSACTION
control field 20170116181135.0
008 - FIXED-LENGTH DATA ELEMENTS--GENERAL INFORMATION
fixed length control field 151007b xxu||||| |||| 00| 0 eng d
020 ## - INTERNATIONAL STANDARD BOOK NUMBER
International Standard Book Number 0278000258
040 ## - CATALOGING SOURCE
Transcribing agency LIBRARY
082 ## - DEWEY DECIMAL CLASSIFICATION NUMBER
Classification number 657.48 LAU
100 ## - MAIN ENTRY--PERSONAL NAME
9 (RLIN) 14264
Personal name Laughlin, Richard
245 ## - TITLE STATEMENT
Title Financial accounting : method and meaning
Statement of responsibility, etc. Richard Laughlin
250 ## - EDITION STATEMENT
Edition statement -
260 ## - PUBLICATION, DISTRIBUTION, ETC.
Date of publication, distribution, etc. 1988
650 ## - SUBJECT ADDED ENTRY--TOPICAL TERM
9 (RLIN) 12970
Topical term or geographic name entry element Accounting
General subdivision MIS, MS COMM
942 ## - ADDED ENTRY ELEMENTS (KOHA)
Source of classification or shelving scheme
Koha item type Book
Holdings
Withdrawn status Lost status Source of classification or shelving scheme Damaged status Not for loan Permanent Location Current Location Shelving location Date acquired Total Checkouts Full call number Barcode Date last seen Price effective from Koha item type
          Pakistan Navy Engineering College (PNEC) Pakistan Navy Engineering College (PNEC)       657.48 LAU PNECLIB-016830 10/07/2015   Book
© 2023 Central Library, National University of Sciences and Technology. All Rights Reserved.